|
|
|
|
| LEADER |
00000nam a2200000 a 4500 |
| 005 |
2012032901391.0 |
| 007 |
cr|||| |||| |
| 008 |
090721c2008 sp 000 0 spa c |
| 020 |
|
|
|a 9788498492309
|
| 035 |
|
|
|a 5973
|
| 040 |
|
|
|d vLex
|
| 090 |
|
|
|c 3098
|d 3098
|
| 245 |
0 |
0 |
|a Tirana̕ :
|h [Recurso electrn̤ico] :
|b aproximaciones a una figura del poder /
|c edicin̤ e introducin̤ a cargo de Guido Cappelli y Antonio Gm̤ez Ramos
|
| 256 |
|
|
|a Servicio en ln̕ea
|
| 260 |
|
|
|a Madrid :
|b Dykinson,
|c 2008
|
| 300 |
|
|
|a 1 recurso electrn̤ico
|
| 504 |
|
|
|a Referencias bibliogrf̀icas
|
| 506 |
1 |
|
|a Contenido solo disponible en los productos indicados
|d vLex Global
|d vLex Global (Academic Edition, excluding Law Schools)
|d vLex Global (U.S. Academic Edition, Law Schools)
|d vLex Global (U.S. Academic Edition, excluding Law Schools)
|d vLex Global (Academic Edition, Law Schools)
|
| 650 |
1 |
4 |
|a Dictadura
|x Historia
|
| 650 |
1 |
4 |
|a Autoritarismo
|x Historia
|
| 650 |
1 |
4 |
|a Polt̕ica
|x Filosofa̕
|x Historia
|
| 650 |
1 |
4 |
|a Poder (Ciencias socials)
|
| 650 |
1 |
4 |
|a Ciencias polt̕icas
|
| 700 |
1 |
|
|a Cappelli, Guido M.
|
| 700 |
1 |
|
|a Gm̤ez Ramos, Antonio
|
| 740 |
0 |
|
|a vLex Libros (Servicio en ln̕ea)
|
| 856 |
4 |
0 |
|u http://vlex.com/source/tirania-aproximaciones-figura-poder-5973
|z Acceso restringido
|
| 942 |
|
|
|c BOOK
|
| 999 |
0 |
|
|a Politics, Practical
|
| 999 |
0 |
|
|a Authoritarianism
|